000 00595nam a22001937a 4500
003 OSt
005 20251002061505.0
008 251002b |||||||| |||| 00| 0 eng d
020 _a1898697388
040 _aDWCL-Main lib
_cOC
082 _aCirc. 641.638 H926 1996
100 _aHumphries, John
245 _aThe essential saffron companion/
_cJohn Humphries
260 _aLondon:
_b Grub Street,
_cc1996.
300 _a160 pages:
_b color illustrations;
_c24cm.
504 _aIncludes bibliographical references and index
650 _a1. Saffron(spice)
942 _2ddc
_cBK-CIRC
_kCirc.
_n0
999 _c4640
_d4640